| 000 | 00600cam a2200205 i 4500 | ||
|---|---|---|---|
| 020 | _a9781633691629 (pbk. : alk. paper) | ||
| 040 | _cDLC | ||
| 082 | 0 | 0 | _a658 HAR 2016 A116 Or. |
| 245 | 0 | 0 | _aHBR's 10 must reads on managing across cultures. |
| 246 | 3 | 0 | _aManaging across cultures |
| 300 |
_av, 162 pages ; _c21 cm. |
||
| 490 | 0 | _aHBR's 10 must reads | |
| 500 | _aIncludes index. | ||
| 650 | 0 | _aInternational business enterprises | |
| 650 | 0 | _aManagement | |
| 650 | 0 | _aCorporate culture | |
| 650 | 0 | _aDiversity in the workplace | |
| 710 | 2 | _aHarvard Business Review Press, | |
| 942 | _cAEDBB | ||
| 999 |
_c17524 _d17524 |
||